00354nam a2200145Ia 4500008004100000020001500041041001200056082001100068100001400079245005600093260003100149300000800180650000700188700001300195221030s9999 xx 000 0 und d a8190774628 aEnglish a105.23 aM. Dhunna 0aComputer Network & Internetcby M. Dhunna, D. Verma bVayu Pub.aNew Delhic2009 a353 aIT aD. Verma